00445nam a22001577a 450000500170000001000150001702000260003203500140005803700090007208200060008110000250008724500390011226000440015127000730019530000190026820250408165100.0 aENG-144570 a9789389671809c150.00 aEN-128102 bDBAD aS aValloor, Reeja Jacob aGreen Reads/cReeja Jacob Valloor  aThrissurbGreen books pvt limitedc2020 aGB Building , Civil Lane Road, AyyantholebThrissur cKeralae680003 a120pc21cm(pb)